Finding Yvonne

Bibliographic Details
Main Author: Colbert, Brandy
Format: Book
Published: New York : Little, Brown and Company , 2018
Subjects:

MARC

LEADER 00000cam a2200000 7i4500
001 0000242524
005 20200610191256.0
020 |a 9780316349024 
090 0 0 |a F   |b COL 
100 1 |a Colbert, Brandy 
245 1 0 |a Finding Yvonne   |c Brandy Colbert 
260 |a New York :   |b Little, Brown and Company ,   |c 2018 
300 |a 276p. ;   |c 21cm. 
650 0 |a Fiction 
999 |a 00380787   |b BUKU   |c PINJAMAN   |e PERPUSTAKAAN KOMUNITI CAW BANDAR UTAMA